000 00613nam a2200217Ia 4500
005 20241129110023.0
008 241129s9999||||xx |||||||||||||| ||und||
020 _a978-93-91187-59-0
037 _aTB
040 _aARTS
_beng
_cARTS
041 _aeng
_2eng
084 _aS:(Y15) R3
_qARTS
100 _aBasal Manisha Au.
_9726907
245 0 _aFeminist psychology
_cBasal Manisha Au.
260 _aNew Delhi, India
_bNew Bio-Green Books
_c2023
300 _aviii,294p.
365 _aINR
_b2950
650 _aPsychologySociologWomen
_9726908
942 _cTB
_hS:(Y15) R3
999 _c1227020
_d1227020